000 00420nam a2200157Ia 4500
008 210716s2011 xx 000 0 und d
020 _a9788122431308
041 _aeng
082 _a332.82 CAIA
100 _aCairns, Andrew J G.
245 _aInterest rate models: an introduction.
_bIntroduction.
250 _a1
260 _aNew Delhi
_bNew Age International Pvt Ltd
_c2011
300 _axii,274
650 _aNone
999 _c207150
_d207150